Loading...
Kerala Money-Lenders Act,1958
| Main Author: | |
|---|---|
| Format: | Printed Book |
| Published: |
Ernakulam:
Swamy Law House,
1993.
|
| Subjects: |
| LEADER | 00453cam a2200133ua 4500 | ||
|---|---|---|---|
| 082 | |a 343.032 | ||
| 100 | |a Sugathan,N. | ||
| 245 | |a Kerala Money-Lenders Act,1958 | ||
| 260 | |a Ernakulam: |b Swamy Law House, |c 1993. | ||
| 650 | |a Kerala Money-Lenders Act,1958 | ||
| 650 | |a Kerala Money-Lenders Ac | ||
| 942 | |c BK | ||
| 999 | |c 277058 |d 277058 | ||
| 952 | |0 0 |1 0 |4 0 |6 343_032000000000000_SUGK |7 0 |9 295215 |a LAW |b LAW |d 2020-03-04 |l 0 |o 343.032 SUG-K |p LAW1431 |r 2020-03-04 |t 1 |w 2020-03-04 |y BK | ||